000 00193nam a2200085 4500
001 1258933
005 20260406103530.0
245 _a2. KILIÇARSLAN
_cHASAN YİĞİT
260 _bMAVİÇATI YAYINLARI
999 _c1258933
_d1258933